00599 a2200181 4500008004100000010001400041020002300055035001300078037001800091082001100109245008100120250001200201260004200213270008100255300002700336500001900363710003500382080822t xxu||||| |||| 00| 0 eng d aENG-85080 a8188689483c695.00 aEN-68613 bD.B.Act / Pub a616.89 aFoundations of clinical psychiatrycedited by Sidney Bloch and Bruce S.Singh a2nd ed. aNew DelhibOverseas Press Indiac2006 a7/28, Ansari Road, Darya GanjbNew Delhie110 002moverseas@de13.vsnl.nic.in axii, 606p.b23cm.(Pbk) aincludes index aBloch, SidneybSingh, Bruce S.